Correction of Distortions Introduced by the Medium between the Tip and the Biological Surface in Probe Microscopes; Biomedical Engineering; Vol. 54, iss. 6
| Parent link: | Biomedical Engineering Vol. 54, iss. 6.— 2021.— [P. 429-433] |
|---|---|
| Հիմնական հեղինակ: | |
| Համատեղ հեղինակ: | |
| Այլ հեղինակներ: | |
| Ամփոփում: | Title screen This report discusses the algorithm to compensate for the distorting effects of the medium filling the tip–biological surface gap using probe and atomic force microscopy (AFM). The proposed image distortion correction algorithm is based on a posteriori processing of measured data and the basic principles of filter theory and digital image processing. A model was created by considering the standard deviation of recovery, low values of which point to the effectiveness of the algorithm to improve the quality of images of the surfaces of biological objects at the molecular level Режим доступа: по договору с организацией-держателем ресурса |
| Լեզու: | անգլերեն |
| Հրապարակվել է: |
2021
|
| Խորագրեր: | |
| Առցանց հասանելիություն: | https://doi.org/10.1007/s10527-021-10055-5 |
| Ձևաչափ: | MixedMaterials Էլեկտրոնային Գրքի գլուխ |
| KOHA link: | https://koha.lib.tpu.ru/cgi-bin/koha/opac-detail.pl?biblionumber=665101 |
MARC
| LEADER | 00000naa0a2200000 4500 | ||
|---|---|---|---|
| 001 | 665101 | ||
| 005 | 20250127144034.0 | ||
| 035 | |a (RuTPU)RU\TPU\network\36300 | ||
| 035 | |a RU\TPU\network\36176 | ||
| 090 | |a 665101 | ||
| 100 | |a 20210811d2021 k||y0rusy50 ba | ||
| 101 | 0 | |a eng | |
| 102 | |a US | ||
| 135 | |a drcn ---uucaa | ||
| 181 | 0 | |a i | |
| 182 | 0 | |a b | |
| 200 | 1 | |a Correction of Distortions Introduced by the Medium between the Tip and the Biological Surface in Probe Microscopes |d Коррекция искажений, вносимых средой зазора «игла – биологическая поверхность» зондового микроскопа |f V. S. Deeva, S. M. Slobodyan | |
| 203 | |a Text |c electronic | ||
| 300 | |a Title screen | ||
| 320 | |a [References: 12 tit.] | ||
| 330 | |a This report discusses the algorithm to compensate for the distorting effects of the medium filling the tip–biological surface gap using probe and atomic force microscopy (AFM). The proposed image distortion correction algorithm is based on a posteriori processing of measured data and the basic principles of filter theory and digital image processing. A model was created by considering the standard deviation of recovery, low values of which point to the effectiveness of the algorithm to improve the quality of images of the surfaces of biological objects at the molecular level | ||
| 333 | |a Режим доступа: по договору с организацией-держателем ресурса | ||
| 461 | |t Biomedical Engineering | ||
| 463 | |t Vol. 54, iss. 6 |v [P. 429-433] |d 2021 | ||
| 510 | 1 | |a Коррекция искажений, вносимых средой зазора «игла – биологическая поверхность» зондового микроскопа |z rus | |
| 610 | 1 | |a электронный ресурс | |
| 610 | 1 | |a труды учёных ТПУ | |
| 700 | 1 | |a Deeva |b V. S. |c electrician |c associate professor Tomsk Polytechnic University, candidate of technical sciences |f 1973- |g Vera Stepanovna |3 (RuTPU)RU\TPU\pers\33637 | |
| 701 | 1 | |a Slobodyan |b S. M. |c Specialist in the field of electric power engineering |c Professor of Tomsk Polytechnic University, Doctor of technical sciences |f 1946- |g Stepan Mikhaylovich |3 (RuTPU)RU\TPU\pers\35552 | |
| 712 | 0 | 2 | |a Национальный исследовательский Томский политехнический университет |b Школа инженерного предпринимательства |c (2017- ) |3 (RuTPU)RU\TPU\col\23544 |
| 801 | 2 | |a RU |b 63413507 |c 20210811 |g RCR | |
| 856 | 4 | |u https://doi.org/10.1007/s10527-021-10055-5 | |
| 942 | |c CF | ||